| 000 | 02120nam a2200301 a 4500 | ||
|---|---|---|---|
| 008 | 081010s2000 ||||||||||||||||| || u | ||
| 020 | _a8120306724 | ||
| 050 | _aHG 4028.B8 Wel | ||
| 100 | _aHilton, Ronald W | ||
| 245 | 1 | 0 |
_aBudgeting: profit planning and control -- 5th ed _cGlenn A. Welsch; Ronald W. Hilton; Paul N. Gordon |
| 250 | _a5th ed. | ||
| 260 |
_aNew Delhi _bPrentice-Hall of India _c2000 |
||
| 300 | _axx, 661p.: ill. | ||
| 350 | _a48500.00 | ||
| 650 | 0 | _aBUSINESS | |
| 650 | _aBUDGET IN BUSINESS | ||
| 700 | _aGordon, Paul N | ||
| 700 | _aWelsch, Glenn A | ||
| 995 |
_aANNEX COLLECTION (Main Library) _D0.00 _e738655 _FCBU-MAIN LIBRARY (Kitwe) _H1 _I0.00 _jHG 4028.B8 Wel _M2 _UAVAILABLE _WOct 13, 2008 _y738655 _ZAnnex Low-Usage Collection |
||
| 995 |
_aTEXTBOOKS (SB) _D48500.00 _e1475 _FCBU-SCHOOL TEXTBOOK COLLECTIONS _H1 _I0.00 _jSCHOOL TEXTBOOK _M8 _UAVAILABLE _WOct 7, 2009 _y1475 _ZSchool Collections |
||
| 995 |
_aTEXTBOOKS (SB) _D48500.00 _e1476 _FCBU-SCHOOL TEXTBOOK COLLECTIONS _H1 _I0.00 _jSCHOOL TEXTBOOK _M9 _UAVAILABLE _WOct 7, 2009 _y1476 _ZSchool Collections |
||
| 995 |
_aANNEX COLLECTION (Main Library) _D0.00 _e738657 _FCBU-MAIN LIBRARY (Kitwe) _H1 _I0.00 _jHG 4028.B8 Wel _M4 _UAVAILABLE _WOct 13, 2008 _y738657 _ZAnnex Low-Usage Collection |
||
| 995 |
_aTEXTBOOKS (SB) _D48500.00 _e1474 _FCBU-SCHOOL TEXTBOOK COLLECTIONS _H1 _I0.00 _jSCHOOL TEXTBOOK _M7 _UAVAILABLE _WOct 7, 2009 _y1474 _ZSchool Collections |
||
| 995 |
_aANNEX COLLECTION (Main Library) _D0.00 _e738656 _FCBU-MAIN LIBRARY (Kitwe) _H1 _I0.00 _jHG 4028.B8 Wel _M3 _UAVAILABLE _WOct 13, 2008 _y738656 _ZAnnex Low-Usage Collection |
||
| 995 |
_aANNEX COLLECTION (Main Library) _D0.00 _e738658 _FCBU-MAIN LIBRARY (Kitwe) _H1 _I0.00 _jHG 4028.B8 Wel _M5 _UAVAILABLE _WOct 13, 2008 _y738658 _ZAnnex Low-Usage Collection |
||
| 995 |
_aANNEX COLLECTION (Main Library) _D0.00 _e738654 _FCBU-MAIN LIBRARY (Kitwe) _H1 _I0.00 _jHG 4028.B8 Wel _M1 _UAVAILABLE _WOct 13, 2008 _y738654 _ZAnnex Low-Usage Collection |
||
| 995 |
_aTEXTBOOKS (SNR) _D48500.00 _e4030 _FCBU-SCHOOL TEXTBOOK COLLECTIONS _H1 _I0.00 _jSCHOOL TEXTBOOK _M6 _UAVAILABLE _WJul 23, 2009 _y4030 _ZMain Library Open Access Collection |
||
| 999 |
_c77774 _d77774 |
||